Mythologie Grecque : Série de Questions Nº1 - Statistiques

Statistiques générales
  • Ce quiz a été pris 824 fois
  • Le résultat moyen est 7 sur 10
Statistiques - réponses
Question Réponse % Correct
Comment se nomme le Roi des Dieux ? Zeus
100%
Qui est le héros principal de l'Odyssée ? Ulysse
96%
Qui est la déesse de la guerre stratégique et de la sagesse ? Athéna
92%
Comment se nomme la Reine des Dieux ? Héra
92%
Qui est la déesse de la chasse et de la nature ? Artémis
88%
Qui est le dieu des forgerons et de la métallurgie ? Héphaïstos
83%
Quel héros a réussi à vaincre Méduse ? Persée
64%
Que raconte Homère dans « L'Illiade » ? La Guerre de Troie
59%
Quel auteur grec a écrit "Théogonie" ? Hésiode
18%
Sous quels animaux Ulysse et ses compagnons réussissent ils à s'agripper pour échapper au cyclope Polyphème ? Des moutons
8%
Aucun quiz correspondant
Distribution des résultats
% des personnes avec chaque résultat
Percentile par nombre de réponses
Votre historique - résultats
Vous n’avez pas pris ce quiz